Manažment kariéry a vzdelávania

Salvato in:
Dettagli Bibliografici
Autore principale: Matulčíková, Marta, 1964-
Ente Autore: Ekonomická univerzita v Bratislave. Fakulta podnikového manažmentu
Altri autori: Matulčík, Július, Szarková, Miroslava, 1951-, Lauková, Petronela
Natura: Libro
Lingua:slovacco
Pubblicazione: Bratislava Vydavateľstvo EKONÓM 2019
Edizione:1. vydanie
Soggetti:
Tags: Aggiungi Tag
Nessun Tag, puoi essere il primo ad aggiungerne!!

MARC

LEADER 00000nam a2200000 4500
001 0258945
005 20240221114201.1
020 |a 978-80-225-4623-2 
041 0 |a slo 
044 |a SK 
245 1 0 |a Manažment kariéry a vzdelávania  |c Marta Matulčíková, Július Matulčík ; recenzenti: Miroslava Szarková, Petronela Lauková 
250 |a 1. vydanie 
264 1 |a Bratislava  |b Vydavateľstvo EKONÓM  |c 2019 
300 |a 324 s. [21,89 AH] 
610 2 0 |a kariéra 
610 2 0 |a vzdelávanie 
610 2 0 |a manažment 
610 2 0 |a motivácia 
610 2 0 |a miesta pracovné 
610 2 0 |a vzdelávanie celoživotné 
610 2 0 |a vzdelávanie ďalšie 
610 2 0 |a andragogika 
610 2 0 |a zamestnanci 
610 2 0 |a rozvoj pracovníkov 
610 2 0 |a inštitúcie vzdelávacie 
610 2 0 |a podpora vzdelávania 
100 1 |a Matulčíková, Marta, 1964- 
700 1 |a Matulčík, Július 
700 1 |a Szarková, Miroslava, 1951- 
700 1 |a Lauková, Petronela 
710 2 |a Ekonomická univerzita v Bratislave. Fakulta podnikového manažmentu